000 00518nam a2200217Ia 4500
003 OSt
005 20220924133851.0
006 a|||||r|||| 00| 0
007 ta
008 220923b |||||||| |||| 00| 0 snd d
024 _a269358
037 _cTextual
040 _aARTS
_cARTS
_bsnd
041 _2snd
_asnd
082 _aR635, 1593M0
100 _aDayaram
_9207540
245 0 _aShri yog darshan
260 _c1980
942 _hR635, 1593M0
_cTEXL
_2CC
999 _c435523
_d435523